Etymologie Pokemon - Statistics

General Stats
  • This quiz has been taken 24 times
  • The average score is 10 of 15
Answer Stats
Etymologie Pokémon % Correct
Pitre et Citrouille Pitrouille
85%
Rose et parade (se pavaner) Roserade
80%
Amonite et Star (étoile en anglais) Amonistar
75%
Crustacé et abri Crustabri
75%
Kick (coup de pied en anglais) et Bruce Lee Kicklee
75%
Scalpel et Proie Scalproie
75%
Vient du mot grec Arkhè (l'origine) et de Zeus Arceus
70%
Coiffer, ouaf, aquarelle Couafarel
70%
Mucus et minuscule Mucuscule
70%
Tropical et diplodocus (un race de dinosaure) Tropius
70%
Lancelot et Escargot Lançargot
65%
Création et farfadet Créfadet
55%
Veritable nom de l'ADN (désoxyribonucléique) Deoxys
50%
Flore et Fluette Floette
40%
Lupus (loup) et la ville de Caire Lucario
30%
No matching quizzes found
Score Distribution
Percent of People with Each Score
Percentile by Number Answered
Your Score History
You have not taken this quiz